<?xml version="1.0" encoding="UTF-8"?>
<record
    xmlns:xsi="http://www.w3.org/2001/XMLSchema-instance"
    xsi:schemaLocation="http://www.loc.gov/MARC21/slim http://www.loc.gov/standards/marcxml/schema/MARC21slim.xsd"
    xmlns="http://www.loc.gov/MARC21/slim">

  <leader>01073nam a22001937a 4500</leader>
  <controlfield tag="005">20240312121001.0</controlfield>
  <datafield tag="010" ind1=" " ind2=" ">
    <subfield code="a">B-757910-914</subfield>
  </datafield>
  <datafield tag="020" ind1=" " ind2=" ">
    <subfield code="c">495.00</subfield>
    <subfield code="a">9788188135820</subfield>
  </datafield>
  <datafield tag="035" ind1=" " ind2=" ">
    <subfield code="a">B-757910-914</subfield>
  </datafield>
  <datafield tag="037" ind1=" " ind2=" ">
    <subfield code="b">&#x905;&#x928;&#x941;&#x930;&#x94B;&#x927;  &#x92A;&#x94D;&#x930;&#x915;&#x93E;&#x936;&#x928; </subfield>
  </datafield>
  <datafield tag="082" ind1=" " ind2=" ">
    <subfield code="a">006.3</subfield>
  </datafield>
  <datafield tag="100" ind1=" " ind2=" ">
    <subfield code="a">&#x906;&#x928;&#x902;&#x926;, &#x92D;&#x941;&#x935;&#x928;&#x947;&#x936; </subfield>
    <subfield code="9">63119</subfield>
  </datafield>
  <datafield tag="245" ind1=" " ind2=" ">
    <subfield code="a">&#x906;&#x930;&#x94D;&#x91F;&#x93F;&#x92B;&#x93F;&#x936;&#x93F;&#x92F;&#x932; &#x907;&#x902;&#x91F;&#x947;&#x932;&#x93F;&#x91C;&#x947;&#x902;&#x938; &#x92D;&#x935;&#x93F;&#x937;&#x94D;&#x92F; &#x915;&#x940; &#x913;&#x930; &#x915;&#x926;&#x92E; /</subfield>
    <subfield code="c">&#x92D;&#x941;&#x935;&#x928;&#x947;&#x936; &#x906;&#x928;&#x902;&#x926; </subfield>
  </datafield>
  <datafield tag="260" ind1=" " ind2=" ">
    <subfield code="a">&#x928;&#x908; &#x926;&#x93F;&#x932;&#x94D;&#x932;&#x940; </subfield>
    <subfield code="b">&#x905;&#x928;&#x941;&#x930;&#x94B;&#x927;  &#x92A;&#x94D;&#x930;&#x915;&#x93E;&#x936;&#x928; </subfield>
    <subfield code="c">2024</subfield>
  </datafield>
  <datafield tag="270" ind1=" " ind2=" ">
    <subfield code="a">&#x921;&#x940; -75&#x92C;&#x940; , &#x928;&#x93F;&#x939;&#x93E;&#x932; &#x935;&#x93F;&#x939;&#x93E;&#x930; </subfield>
    <subfield code="b">&#x928;&#x908; &#x926;&#x93F;&#x932;&#x94D;&#x932;&#x940; </subfield>
    <subfield code="e">110041</subfield>
  </datafield>
  <datafield tag="300" ind1=" " ind2=" ">
    <subfield code="a">160 &#x92A;&#x943;&#x937;&#x94D;&#x91F;.; </subfield>
    <subfield code="c">22&#x938;&#x947;&#x92E;&#x940; (&#x938;&#x91C;&#x93F;&#x932;&#x94D;&#x926;)</subfield>
  </datafield>
  <datafield tag="942" ind1=" " ind2=" ">
    <subfield code="2">ddc</subfield>
    <subfield code="c">HN</subfield>
    <subfield code="h">006.3</subfield>
    <subfield code="m">&#x906;&#x928;&#x902;&#x926; </subfield>
  </datafield>
  <datafield tag="999" ind1=" " ind2=" ">
    <subfield code="c">200336</subfield>
    <subfield code="d">200336</subfield>
  </datafield>
  <datafield tag="952" ind1=" " ind2=" ">
    <subfield code="0">0</subfield>
    <subfield code="1">0</subfield>
    <subfield code="4">0</subfield>
    <subfield code="7">0</subfield>
    <subfield code="8">NFIC</subfield>
    <subfield code="a">L</subfield>
    <subfield code="b">L</subfield>
    <subfield code="d">2024-03-12</subfield>
    <subfield code="e">&#x905;&#x928;&#x941;&#x930;&#x94B;&#x927; &#x92A;&#x94D;&#x930;&#x915;&#x93E;&#x936;&#x928;/150/18.1.24/86/9.1.24/25.1.24</subfield>
    <subfield code="g">495.00</subfield>
    <subfield code="l">3</subfield>
    <subfield code="m">2</subfield>
    <subfield code="o">006.3 &#x906;&#x928;&#x902;&#x926; </subfield>
    <subfield code="p">B-757910</subfield>
    <subfield code="r">2026-05-08 16:21:54</subfield>
    <subfield code="s">2026-04-23</subfield>
    <subfield code="t">1</subfield>
    <subfield code="v">495.00</subfield>
    <subfield code="w">2024-03-12</subfield>
    <subfield code="y">HN</subfield>
  </datafield>
  <datafield tag="952" ind1=" " ind2=" ">
    <subfield code="0">0</subfield>
    <subfield code="1">0</subfield>
    <subfield code="4">0</subfield>
    <subfield code="7">0</subfield>
    <subfield code="8">NFIC</subfield>
    <subfield code="a">AV</subfield>
    <subfield code="b">AV</subfield>
    <subfield code="d">2024-03-12</subfield>
    <subfield code="e">&#x905;&#x928;&#x941;&#x930;&#x94B;&#x927; &#x92A;&#x94D;&#x930;&#x915;&#x93E;&#x936;&#x928;/150/18.1.24/86/9.1.24/25.1.24</subfield>
    <subfield code="g">495.00</subfield>
    <subfield code="l">1</subfield>
    <subfield code="o">006.3 &#x906;&#x928;&#x902;&#x926; </subfield>
    <subfield code="p">B-757911</subfield>
    <subfield code="r">2024-07-27 00:00:00</subfield>
    <subfield code="s">2024-07-10</subfield>
    <subfield code="t">1</subfield>
    <subfield code="v">495.00</subfield>
    <subfield code="w">2024-03-12</subfield>
    <subfield code="y">HN</subfield>
  </datafield>
  <datafield tag="952" ind1=" " ind2=" ">
    <subfield code="0">0</subfield>
    <subfield code="1">0</subfield>
    <subfield code="4">0</subfield>
    <subfield code="7">0</subfield>
    <subfield code="8">NFIC</subfield>
    <subfield code="a">DIZ</subfield>
    <subfield code="b">DIZ</subfield>
    <subfield code="d">2024-03-12</subfield>
    <subfield code="e">&#x905;&#x928;&#x941;&#x930;&#x94B;&#x927; &#x92A;&#x94D;&#x930;&#x915;&#x93E;&#x936;&#x928;/150/18.1.24/86/9.1.24/25.1.24</subfield>
    <subfield code="g">495.00</subfield>
    <subfield code="l">0</subfield>
    <subfield code="o">006.3 &#x906;&#x928;&#x902;&#x926; </subfield>
    <subfield code="p">B-757912</subfield>
    <subfield code="r">2024-03-12 00:00:00</subfield>
    <subfield code="t">1</subfield>
    <subfield code="v">495.00</subfield>
    <subfield code="w">2024-03-12</subfield>
    <subfield code="y">HN</subfield>
  </datafield>
  <datafield tag="952" ind1=" " ind2=" ">
    <subfield code="0">0</subfield>
    <subfield code="1">0</subfield>
    <subfield code="4">0</subfield>
    <subfield code="7">0</subfield>
    <subfield code="8">NFIC</subfield>
    <subfield code="a">BN</subfield>
    <subfield code="b">BN</subfield>
    <subfield code="d">2024-03-12</subfield>
    <subfield code="e">&#x905;&#x928;&#x941;&#x930;&#x94B;&#x927; &#x92A;&#x94D;&#x930;&#x915;&#x93E;&#x936;&#x928;/150/18.1.24/86/9.1.24/25.1.24</subfield>
    <subfield code="g">495.00</subfield>
    <subfield code="l">4</subfield>
    <subfield code="m">3</subfield>
    <subfield code="o">006.3 &#x906;&#x928;&#x902;&#x926; </subfield>
    <subfield code="p">B-757913</subfield>
    <subfield code="q">2026-03-05</subfield>
    <subfield code="r">2026-02-19 00:00:00</subfield>
    <subfield code="s">2026-02-19</subfield>
    <subfield code="t">1</subfield>
    <subfield code="v">495.00</subfield>
    <subfield code="w">2024-03-12</subfield>
    <subfield code="y">HN</subfield>
  </datafield>
  <datafield tag="952" ind1=" " ind2=" ">
    <subfield code="0">0</subfield>
    <subfield code="1">0</subfield>
    <subfield code="4">0</subfield>
    <subfield code="7">0</subfield>
    <subfield code="8">NFIC</subfield>
    <subfield code="a">BL4</subfield>
    <subfield code="b">BL4</subfield>
    <subfield code="d">2024-03-12</subfield>
    <subfield code="e">&#x905;&#x928;&#x941;&#x930;&#x94B;&#x927; &#x92A;&#x94D;&#x930;&#x915;&#x93E;&#x936;&#x928;/150/18.1.24/86/9.1.24/25.1.24</subfield>
    <subfield code="g">495.00</subfield>
    <subfield code="l">3</subfield>
    <subfield code="m">1</subfield>
    <subfield code="o">006.3 &#x906;&#x928;&#x902;&#x926; </subfield>
    <subfield code="p">B-757914</subfield>
    <subfield code="r">2026-04-04 07:53:34</subfield>
    <subfield code="s">2026-02-26</subfield>
    <subfield code="t">1</subfield>
    <subfield code="v">495.00</subfield>
    <subfield code="w">2024-03-12</subfield>
    <subfield code="y">HN</subfield>
  </datafield>
</record>
